000 00295cam a22000977a 4500
008 180718b1998 xxu||||| |||| 00| 0 eng d
245 _aBhavishya ka dhram: vegyanik dharm (Hindi)
_cedited by Brahmvarchas
260 _aMathura
_bAkhand Jyoti Sansthan
_c1998
300 _av.p.
700 _aBrahmvarchas
999 _c405904
_d405904